Top 10 most important and famous people from Hawaii and Oklahoma - Statistics

General Stats
  • This quiz has been taken 47 times
  • The average score is 6 of 10
Answer Stats
Hint Answer % Correct
President from 2009 to 2017 Barack Obama
100%
Singer, Uptown Funk, Treasure Bruno Mars
81%
Actor famous for his roles in Troy and Once Upon a Time in Hollywood Brad Pitt
71%
Martial artist and actor famous for his role in Walker, Texas Ranger Chuck Norris
67%
Actor famous for his role as Aquaman in the DC Extended Universe Jason Momoa
62%
Actress famous for her roles in The Hours and Moulin Rouge!, winner of Academy Award in 2003 Nicole Kidman
57%
Baseball player who played his entire MLB career (1951–1968) with the New York Yankees. 7 times winner of World Series Mickey Mantle
52%
Actor and director of How the Grinch Stole Christmas and The Da Vinci Code Ron Howard
38%
Country music singer and actress named The Queen of Country, she has sold more than 75 million records worldwide Reba McEntire
29%
Singer and actress known as the lead singer of the Pussycat Dolls, one of the best-selling girl groups of all time Nicole Scherzinger
19%
No matching quizzes found
Score Distribution
Percent of People with Each Score
Percentile by Number Answered
Your Score History
You have not taken this quiz